000 00468mc a2200169a 44500
001 NM030174
003 RG CODE MARC
008 05020s1950 ||||||||||||||000 | spa||
005 20251028183345.0
040 _aORG CODE MARC
100 _aTeresa de Jesús
_cSanta
_d1515-1582
_941009
245 _aCamino de perfección ; Libro de las fundaciones
_cTeresa de Jesús
260 _aMadrid
_bAguilar
300 _a631 p.
_b12 cm.
490 _aCrisol
_vno. 280
942 _cBK
999 _c29481
_d29481